000 01662cam a22004694i 4500
003 PE-LiUPU
005 20250731173519.0
008 150616s r 000 0 d
020 _a0802807372
035 _a(Sirsi) i9780802807373
040 _aPE-LiUPU
_bspa
_cPE-LiUPU
_erda
049 _aPRUA
082 0 4 _a253.7
_bW98
_221
100 1 _aWuthnow, Robert,
_eautor.
245 1 0 _aI come away stronger :
_bhow small groups are shaping American religion /
_ceditado por Robert Wuthnow.
264 1 _aGrand Rapids, Míchigan :
_bWilliam B. Eerdmans Publishing Company,
_c1994.
300 _a401 páginas ;
_c22 centímetros
336 _atext
_2rdacontent
337 _aunmediated
_2rdamedia
338 _avolume
_2rdacarrier
504 _aBibliografía: páginas 389-398.
505 0 _aSmall groups and spirituality: Exploring the connections.- Answered prayers: The rockhaven house fellowship
526 _aSEG42
526 _aSEG41
526 _aSEG40
526 _aSEG39
526 _aP94
526 _aP87
526 _aP86
526 _aP85
526 _aP77
526 _aP76
526 _aP35
650 0 4 _aPequeños grupos
_xInvestigación.
910 _ajck
_bjvq
_cjck
942 _2ddc
_cBOOK
949 _a253.7 W98
_wDEWEY
_c1
_i41842
_lCCODEBUL1
_mBUL
_r0
_sY
_tBOOK
_u2015-6-16
_xTEOLOGIA
_zUNKNOWN
_0COMPRA
_o.STAFF. Colección General
994 _aC0
_bPEPRU
596 _a1
999 _a253.7 W98
_wDEWEY
_c59506
_i41842
_f2021-11-12
_g5
_lCCODEBUL1
_mBUL
_r0
_sY
_tBOOK
_u2015-6-16
_xTEOLOGIA
_zUNKNOWN
_0COMPRA
_o.STAFF. Colección General
_d59506
980 _81
_gALBERTO SANCHEZ Responsable de Automatización